LEADER 02015cam2-2200421---450- 001 990004075480403321 005 20100715142340.0 035 $a000407548 035 $aFED01000407548 035 $a(Aleph)000407548FED01 035 $a000407548 100 $a19990604g19809999km-y0itay50------ba 101 0 $afre 102 $aTN 105 $aa-------001yy 200 1 $aRégion de Zaghouan$eatlas archéologique de la Tunisie, Feuille 35 210 $aTunis$cInst. National d'Archeologie et d'Art$d1980- 215 $av.$cill.$d30 cm 327 1 $a1.: Thuburbo Majus : Les mosaiques de la region de Forum / Margaret A. Alexander, Aicha Ben Abed, Saida Besrour, Ben Mansour, David Soren. 1980$a2.: Thuburbo Majus : Les mosaiques de la Region des Grands Thermes / Aicha Ben Abed Khader, Mongi Ennaifer, Marie Spiro, Margaret A. Alexander avec la contribution de David Soren. - 1985$a3.: Thuburbo Majus : Les mosaiques dans la Region Ouest / Aicha Ben Abed-Ben Khader. - 1987$a4: Thuburbo Majus : les mosaiques de la region Est mise a jour du catalogue de Thuburbo Majus et les environs, les mosaiques de Ain Mziger, Bir Chana, Draa Ben Jouder et Zaghouan / Margaret A. Alexander, Aicha Ben Abed Ben Khader ; avec la contribution de David Soren et Marie Spiro. - 1994 461 0$1001000560265$12001$aCorpus des mosaiques de Tunisie$v2, 1/4 610 0 $aMosaici romani$aThuburbo Majus (Tunisia) 676 $a738.509611 676 $a738.52093973 676 $a939.73 702 1$aAlexander,$bMargaret A. 702 1$aBen Khader,$bAïcha ben Abed 702 1$aSoren,$bDavid 702 1$aSpiro,$bMarie 801 0$aIT$bUNINA$gRICA$2UNIMARC 901 $aBK 912 $a990004075480403321 952 $a738.52 TUNISIA 2 (1)$bBIBL.C.4851$fFLFBC 952 $a738.52 TUNISIA 2 (2)$bBIBL.C.4852$fFLFBC 952 $a738.52 TUNISIA 2 (3)$bBIBL.C.4853$fFLFBC 952 $a738.52 TUNISIA 2 (4)$bBIBL.C.28047$fFLFBC 959 $aFLFBC 996 $aRégion de Zaghouan$9478793 997 $aUNINA LEADER 02416nam 2200577Ia 450 001 9910143126503321 005 20170815121941.0 010 $a1-282-11318-6 010 $a9786612113185 010 $a0-470-43177-6 010 $a0-470-43176-8 035 $a(CKB)1000000000767692 035 $a(EBL)427556 035 $a(OCoLC)435441921 035 $a(SSID)ssj0000154314 035 $a(PQKBManifestationID)11137331 035 $a(PQKBTitleCode)TC0000154314 035 $a(PQKBWorkID)10407659 035 $a(PQKB)10926708 035 $a(MiAaPQ)EBC427556 035 $a(EXLCZ)991000000000767692 100 $a20080729d2009 uy 0 101 0 $aeng 135 $aur|n|---||||| 181 $ctxt 182 $cc 183 $acr 200 04$aThe fertilizer encyclopedia$b[electronic resource] /$fVasant Gowariker ; V.N. Krishnamurthy ... [et al.] 210 $aHoboken, N.J. $cJohn Wiley & Sons$dc2009 215 $a1 online resource (881 p.) 300 $aDescription based upon print version of record. 311 $a0-470-41034-5 320 $aIncludes bibliographical references and index. 327 $aThe Fertilizer Encyclopedia; Contents; A; B; C; D; E; F; G; H; I; J; K; L; M; N; O; P; Q; R; S; T; U; V; W; X; Y; Z; Appendices; Bibliography; Index 330 $aFertilizers are key for meeting the world s demands for food, fiber, and fuel. Featuring nearly 4,500 terms of interest to all scientists and researchers dealing with fertilizers, The Fertilizer Encyclopedia compiles a wealth of information on the chemical composition of fertilizers, and includes information on everything from manufacturing and applications to economical and environmental considerations. It covers behavior in soil, chemical and physical characteristics, physiological role in plant growth and soil fertility, and more. This is the definitive, up-to-date reference on ferti 606 $aFertilizers$vEncyclopedias 606 $aSoil science$vEncyclopedias 608 $aElectronic books. 615 0$aFertilizers 615 0$aSoil science 676 $a631.803 676 $a631.81 701 $aGowariker$b V. R$g(Vasant R.),$f1933-$0873745 701 $aKrishnamurthy$b V. N$0873746 801 0$bMiAaPQ 801 1$bMiAaPQ 801 2$bMiAaPQ 906 $aBOOK 912 $a9910143126503321 996 $aThe fertilizer encyclopedia$91950612 997 $aUNINA